000 00757nam a22002177a 4500
005 20251108165509.0
008 250721s1998 xx 000 0 ara d
082 1 4 _aم/216.4/رجب
100 1 _aالرحبي، موفق الدين أبو عبد الله محمد بن علي
245 1 0 _aالرحبيه في علم الفرائض :
_bبشرح سبط المترديني و حاشية العلامه البقري /
250 _aط8
264 1 _aدمشق :
_bدار القلم،
_c1998.
300 _a308ص
490 0 _aعلم المواريث
650 1 7 _aالإسلام
650 1 7 _aالفقه الإسلامي
650 1 7 _aالمواريث
700 1 _aالبغا، مصطفى ديب
_eتحقيق
942 _2ddc
_cREF
999 _c29307
_d29307